000 00767nam a2200205Ii 4500
003 JO-AjNU
008 230605s9999||||xx |||||||||||||| ||und||
040 _aJO-AjNU
_bara
_erda
_cJO-AjNU
041 _aara
050 1 4 _aPJ7814.M578.A16 1984
100 3 _aتأليف الأميري، عمر بهاء الدين,
_eauthor
_937830
245 0 0 _aصفحات ونفحات: خواطر..وذريات..وتجليات شعر وفكر
250 _aط1
264 3 1 _aالدوحة:مؤسسة الشرق للعلاقات العامة والنشر والترجمة،1984
300 _a127ص
336 _atext
_btxt
_2rdacontent
337 _aunmediated
_bn
_2rdamedia
338 _avolume
_bnc
_2rdacarrier
650 4 _aشعر إسلامي - الشعر العربي
_937831
999 _aA15843
_c19411
_d19411